000 00450nam a22001697a 4500
005 20180730143008.0
008 160615b xxu||||| |||| 00| 0 eng d
020 _a81-259-0963-X
041 _aeng
082 _b7726
_a658.406 3
100 _aLusthans, charles and others
_94664
245 _aOrganizational Performance
260 _aNew Delhi
_bVikas Publishing House (P) Ltd.
_c2000
300 _a125p,
650 _aManagement
_9241
942 _cBK
999 _c2764
_d2763